Najbardziej znani artyści muzyczni - Statystyki

Ogólne statystyki
  • Ten quiz został rozwiązany 165 razy
  • Średni wynik to 5 z 15
Statystyki odpowiedzi
Ilość sprzedanych płyt (ok.) Artysta/zespół % Poprawnych
1 mld The Beatles
73%
750 mln Michael Jackson
70%
<300 mln Queen
65%
240 mln Eminem
49%
250 mln The Rolling Stones
48%
335 mln Madonna
47%
250 mln Rihanna
38%
600 mln Elvis Presley
36%
<300 mln Elton John
26%
<300 mln ABBA
25%
250 mln Pink Floyd
23%
300 mln Led Zeppelin
15%
245 mln Barbra Streisand
1%
300 mln Julio Iglesias
0%
250 mln Rod Stewart
0%
Nie znaleziono quizów pasujących do podanych kryteriów
Rozkład punktacji
Procent ludzi z każdym wynikiem
Percentyl według liczby udzielonych odpowiedzi
Twoja historia wyników
Nie rozwiązałeś tego quizu